000 00906cam a22002651 4500
001 l 50000067
003 DLC
005 20260227111542.0
008 840608s1949 dcuak f000 0 eng
010 _al 50000067
035 _a(OCoLC)21726155
040 _aDLC
_cCU
_dOCoLC
_dDLC
043 _an-us-ky
050 0 0 _aHD6250.U5
_bL65
100 1 _aKeeler, Miriam.
245 0 0 _aHunting a career;
_ba study of out-of-school youth, Louisville, Kentucky.
260 _aWashington
_b[U.S. Govt. Print. Off.]
_c1949.
300 _aix, 117 p.
_billus., forms.
_c24 cm.
490 1 _aUnited States. Bureau of Labor Standards. Bulletin ;
_vno. 115
650 0 _aChild labor
_zKentucky
_zLouisville.
650 0 _aYouth
_zKentucky
_zLouisville.
650 0 _aUnemployed
_zKentucky
_zLouisville.
700 1 _aLegg, Caroline Ella,
_d1887-
830 0 _aBulletin (United States. Bureau of Labor Standards) ;
_v115.
999 _c36688
_d36688